000
00311nam a2200121Ia 4500
008
190722s9999 xx 000 0 und d
020
_a
978-0-19-964548-0
100
_a
David A.Harris
245
0
_a
Thrive In Biochemistry & Molecular Biology
260
_a
Kingdom
_b
Oxford
_c
2012
300
_a
290
942
_c
BK
999
_c
1101
_d
1101